Low-speed wind tunnel testing / (Record no. 9585)

MARC details
000 -LEADER
fixed length control field 01260nac a22002891u 4500
010 ## - LIBRARY OF CONGRESS CONTROL NUMBER
LC control number 98028891
020 ## - INTERNATIONAL STANDARD BOOK NUMBER
International Standard Book Number 0471557749 (cloth : alk. paper)
082 00 - DEWEY DECIMAL CLASSIFICATION NUMBER
Classification number 629.13452
Item number BAR
090 ## - LOCALLY ASSIGNED LC-TYPE CALL NUMBER (OCLC); LOCAL CALL NUMBER (OCLC)
-- 9585
-- 9585
100 ## - MAIN ENTRY--PERSONAL NAME
Personal name Barlow, Jewel B.
245 10 - TITLE STATEMENT
Title Low-speed wind tunnel testing /
Statement of responsibility, etc Jewel B. Barlow, William H. Rae, Jr., Alan Pope.
250 ## - EDITION STATEMENT
Edition statement 3rd ed.
260 ## - PUBLICATION, DISTRIBUTION, ETC. (IMPRINT)
Place of publication, distribution, etc New York :
Name of publisher, distributor, etc Wiley,1999
Date of publication, distribution, etc c1999.
300 ## - PHYSICAL DESCRIPTION
Extent xii, 713 p. :
Other physical details ill. ;
Dimensions 25 cm.
500 ## - GENERAL NOTE
General note Rev. ed. of: Low-speed wind tunnel testing / William H. Rae, Jr., Alan Pope. 2nd ed. c1984.
504 ## - BIBLIOGRAPHY, ETC. NOTE
Bibliography, etc Includes bibliographical references and index.
511 ## - PARTICIPANT OR PERFORMER NOTE
Participant or performer note catalogued by: wessam
650 #0 - SUBJECT ADDED ENTRY--TOPICAL TERM
Topical term or geographic name as entry element Wind tunnels.
700 1# - ADDED ENTRY--PERSONAL NAME
Personal name Rae, William H.
700 1# - ADDED ENTRY--PERSONAL NAME
Personal name Pope, Alan,
Dates associated with a name 1913-
700 1# - ADDED ENTRY--PERSONAL NAME
Personal name Pope, Alan,
Dates associated with a name 1913-
856 42 - ELECTRONIC LOCATION AND ACCESS
Materials specified Contributor biographical information
Uniform Resource Identifier <a href="http://www.loc.gov/catdir/bios/wiley041/98028891.html">http://www.loc.gov/catdir/bios/wiley041/98028891.html</a>
856 42 - ELECTRONIC LOCATION AND ACCESS
Materials specified Publisher description
Uniform Resource Identifier <a href="http://www.loc.gov/catdir/description/wiley031/98028891.html">http://www.loc.gov/catdir/description/wiley031/98028891.html</a>
856 42 - ELECTRONIC LOCATION AND ACCESS
Materials specified Table of Contents
Uniform Resource Identifier <a href="http://www.loc.gov/catdir/toc/onix02/98028891.html">http://www.loc.gov/catdir/toc/onix02/98028891.html</a>
942 ## - ADDED ENTRY ELEMENTS (KOHA)
Item type Book - Borrowing
Call number prefix 629.13452BAR
Holdings
Withdrawn status Item status Damaged status Not for loan Home library Current library Shelving location Date acquired Source of acquisition Total Checkouts Total Renewals Full call number Barcode Date last seen Date last borrowed Koha item type
        Central Library Central Library First floor 22/05/2008 Purchase 5 35 629.13452BAR 000011627 15/07/2025 31/10/2016 Book - Borrowing